00484 2200193 4500245003700000020002200037250001000059100001600069700001800085700001500103650002600118650001000144005001900154260006400173041001400237084001200251300001800263336000900281 aSepasang MatacVeronica W.hText a978-623-307-025-6 aCet.2 aVeronica W. aWena Wiraksih aInnerChild aCerita Anak Indonesia aEbook a20250317083546 ajakata timurbBadan Pengembangan dan Pembinaan Bahasac2022 aIndonesia a398.209 avi :c42 hlm. atext